000 01863nam0a2200349 4500
001 RU\NLR\BIBL_A\012090032
005 20260607061649.0
010 _a978-5-6042856-1-9
_9300
021 _aRU
_bКН-П-19-059822
_9КН-П-19-4284
035 _a(NLR Aleph) 012090032
035 _a(RuMoRGB)010063206
090 _a11849804
_c11849804
100 _a20190910d2019 k y0rusy50 ca
101 0 _arus
_deng
102 _aRU
105 _a c||z|||010zy
200 1 _aБиофизика для экологии и медицины
_e[сборник статей]
_eк 90-летию академика РАН И.И. Гительзона
_fРоссийская академия наук, Сибирское отделение, Институт биофизики
_gответственный редактор: доктор биологических наук, профессор Т.Г. Волова
210 _aНовосибирск
_cИзд-во Сибирского отделения Российской академии наук
_d2019
215 _a292, [2] с.
_cил., портр., табл., цв. ил.
_d25
300 _aРез. англ.
320 _aБиблиогр. в конце ст.
606 1 _aБиофизическая экология
_jСборники
_91147513
_3RU\NLR\AUTH\66139244
686 1 _aЕ081.2я43
702 1 _4340
_8rus
_7ca
_aВолова
_bТ. Г.
_gТатьяна Григорьевна
_3RU\NLR\AUTH\773153
_9113159
702 1 _4570
_7ca
_8rus
_aГительзон
_bИ. И.
_f1928-2022
_gИосиф Исаевич
_9249428
_3RU\NLR\AUTH\770249484
712 0 2 _4570
_aИнститут биофизики
_cНовосибирск
_9504305
_3RU\NLR\AUTH\8810003511
942 _cBOOK
980 _aNBR
980 _aNB